000 01114nam a2200301 a 4500
001 000039570
005 20240604194808.0
008 130708s1998 dr a 000 0 spa d
040 _aDO-SdBNP
_bspa
_cBNPHU
082 _a301
_bI61c
245 0 0 _aIntroducción a las ciencias sociales :
_btexto guía de consulta /
_cCeledonio Jiménez ... [et.al.].
260 _aSanto Domingo :
_bUniversitaria-UASD,
_c1998.
300 _a180 p. :
_bil. ;
_c21 cm.
490 1 _aPublicaciones de la Universidad Autónoma de Santo Domingo
_v857
490 1 _aEstudios sociales
_v1
590 _aInventariado, 2018/VM
650 0 _aCiencias sociales
_91065
650 0 _aSociología
_91061
650 4 _aInvestigación social
_914499
650 4 _aEstructura social
_950247
700 1 2 _aBrito, Juan
_965737
700 1 2 _aGeraldo Matos, Luis E.
_965738
700 1 2 _aLara, Rosa E,
_965739
710 1 _aUniversidad Autónoma de Santo Domingo
_972951
830 0 _aPublicaciones de la Universidad Autónoma de Santo Domingo
_n857
_914501
830 0 _aEstudios sociales
_n1
_914502
910 _aValidado. Control de calidad MFF
999 _c39060
_d39060